Music Quiz

Random Music or Classical Quiz

50 Greatest Classical Conductors Quiz Stats

 Plays Quiz not verified by Sporcle

Challenge
Share
Tweet
Embed
Score 0/50 Timer 10:00
0 Plays Today
Nationality Conductor % Correct
AmericanLeonard Bernstein
81.6%
GermanHerbert von Karajan
80.8%
ItalianArturo Toscanini
77.6%
ItalianClaudio Abbado
68%
EnglishSimon Rattle
68%
ArgentineDaniel Barenboim
66.8%
ItalianGeorg Solti
64.8%
IndianZubin Mehta
64%
GermanWilhelm Furtwängler
63.6%
VenezuelanGustavo Dudamel
63.2%
JapaneseSeiji Ozawa
61.2%
GermanOtto Klemperer
54.4%
ItalianRiccardo Muti
54%
DutchBernard Haitink
52.8%
AmericanJames Levine
52.8%
EnglishThomas Beecham
52%
FrenchPierre Boulez
51.6%
HungarianGeorge Szell
51.2%
EnglishColin Davis
50.8%
AustrianKarl Böhm
49.2%
RussianValery Gergiev
49.2%
RomanianSergiu Celibidache
48.4%
GermanCarlos Kleiber
48%
AmericanMichael Tilson Thomas
47.2%
EnglishJohn Barbirolli
46.4%
Nationality Conductor % Correct
LatvianMariss Jansons
44.8%
EnglishLeopold Stokowski
44.8%
HungarianEugene Ormandy
44.4%
ItalianCarlo Maria Giulini
44%
AmericanLorin Maazel
42.4%
EnglishAdrian Boult
42%
EnglishJohn Eliot Gardiner
40.4%
RussianYevgeny Mravinsky
40.4%
ItalianRiccardo Chailly
39.2%
EnglishNeville Marriner
39.2%
HungarianFritz Reiner
38.4%
Alsacian Charles Munch
37.2%
GermanBruno Walter
37.2%
FrenchPierre Monteux
34.4%
Hungarian Ferenc Fricsay
33.2%
AustrianNikolaus Harnoncourt
32.8%
GermanEugen Jochum
30.8%
CzechRafael Kubelík
28%
RussianSerge Koussevitzky
27.6%
AustralianCharles Mackerras
20%
DutchWillem Mengelberg
20%
ItalianAntonio Pappano
12.8%
HungarianArthur Nikisch
8%
GermanGünter Wand
7.6%
EnglishChristopher Hogwood
6.8%

You're not logged in!

Compare scores with friends on all Sporcle quizzes.
OR
Log In

You Might Also Like...

Show Comments

Extras

Top Quizzes Today


Score Distribution

Your Account Isn't Verified!

In order to create a playlist on Sporcle, you need to verify the email address you used during registration. Go to your Sporcle Settings to finish the process.

Report this User

Report this user for behavior that violates our Community Guidelines.

Details: